[Event "1st SCS GM Open"]
[Site "Bhubaneswar IND"]
[Date "2009.06.13"]
[Round "9"]
[White "Bitan,B"]
[Black "Priyadharshan,K"]
[Result "1/2-1/2"]
[WhiteElo "2301"]
[BlackElo "2411"]

1.d4 Nf6 2.Nf3 e6 3.c4 Bb4+ 4.Nbd2 b6 5.a3 Bxd2+ 6.Bxd2 h6 7.g3 Bb7 8.Bg2 O-O
9.O-O d6 10.b4 Nbd7 11.Bc3 Re8 12.Bb2 Be4 13.Qb3 c6 14.Bh3 d5 15.Nd2 Bg6
16.Bg2 b5 17.c5 e5 18.Nf3 e4 19.Nh4 Bh7 20.Bh3 a5 21.a4 Rb8 22.Bc3 axb4 23.Qxb4 bxa4
24.Qxa4 Qc7 25.Nf5 Bxf5 26.Bxf5 g6 27.Bh3 Qb7 28.Qa7 e3 29.f3 Kg7 30.Qxb7 Rxb7
31.Rfb1 Reb8 32.Rxb7 Rxb7 33.Ra3 Nf8 34.Be1 Rb1 35.Kf1 Rd1 36.Rd3 Rxd3  1/2-1/2

[Event "Maia Chiburdanidze Cup"]
[Site "Tbilisi GEO"]
[Date "2009.06.13"]
[Round "9"]
[White "Javakhishvili,L"]
[Black "Dzagnidze,N"]
[Result "1-0"]
[WhiteElo "2463"]
[BlackElo "2541"]

1.d4 Nf6 2.c4 e6 3.Nf3 Bb4+ 4.Nbd2 d5 5.a3 Bd6 6.Qc2 O-O 7.e4 Nxe4 8.Nxe4 dxe4
9.Qxe4 f5 10.Qc2 c5 11.dxc5 Bc7 12.Bd2 e5 13.O-O-O Qe7 14.Bc3 a5 15.Re1 e4
16.Nd4 Nc6 17.g4 fxg4 18.Rxe4 Qh4 19.Nxc6 bxc6 20.Bd3 Bf5 21.Re2 Bxd3 22.Qxd3 Rad8
23.Qe4 Rde8 24.Qxe8 Rxe8 25.Rxe8+ Kf7 26.Rhe1 Qg5+ 27.Kb1 Qxc5 28.R8e4 h5
29.Ka1 Bxh2 30.Rd4 Qf5 31.Rd8 g3 32.fxg3 Bxg3 33.Red1 Be5 34.R1d7+ Ke6 35.Bxe5 Kxe5
36.Re8+ Kf4 37.Rxg7 h4 38.Rg1 Qc5 39.Rh1 a4 40.Rh8 Ke3 41.R8xh4 Kf3 42.R4h3+ Ke2
43.R1h2+ Kd1 44.Rg2  1-0

[Event "XXVII Open A"]
[Site "Balatonlelle HUN"]
[Date "2009.06.14"]
[Round "2"]
[White "Webersberger,J"]
[Black "Erdos,V"]
[Result "0-1"]
[WhiteElo "2328"]
[BlackElo "2581"]

1.d4 e6 2.Nf3 Nf6 3.c4 Bb4+ 4.Nbd2 b6 5.a3 Bxd2+ 6.Qxd2 Bb7 7.e3 O-O 8.Be2 Ne4
9.Qc2 f5 10.O-O d6 11.b3 Rf6 12.d5 c5 13.dxe6 Rxe6 14.Bb2 Nd7 15.Rad1 Rh6
16.Ba1 Qe7 17.Ne1 Ng5 18.Qc3 Re8 19.f3 Qxe3+ 20.Qxe3 Rxe3 21.Bd3 f4 22.Bf5 Ne5
23.Nc2 Re2 24.Rf2 Nexf3+ 25.gxf3 Nxf3+ 26.Kf1 Rxf2+ 27.Kxf2 Rxh2+ 28.Kf1 Nd2+
29.Ke1 Ne4  0-1

[Event "TCh-BUL"]
[Site "Sunny Beach BUL"]
[Date "2009.06.14"]
[Round "7"]
[White "Grigorov,G"]
[Black "Antic,De"]
[Result "1/2-1/2"]
[WhiteElo "2488"]
[BlackElo "2513"]

1.d4 e6 2.c4 Bb4+ 3.Nd2 Nf6 4.Nf3 O-O 5.a3 Be7 6.e3 b6 7.Bd3 Bb7 8.O-O c5
9.b3 d6 10.Bb2 Nbd7 11.Qe2 Re8 12.b4 Bf8 13.Rfd1 e5 14.dxe5 dxe5 15.Bf5 Qc7
16.b5 e4 17.Ng5 Rad8 18.Bxd7 Rxd7 19.Bxf6 gxf6 20.Nh3 Red8 21.Nf1 f5 22.Ng3 Bg7
23.Rac1 Qe5 24.Rxd7 Rxd7 25.Rd1 Bc8 26.Nf4 Rxd1+ 27.Qxd1 Qa1 28.Qxa1 Bxa1
29.Nfe2 Be5 30.h3 Kf8 31.Kf1  1/2-1/2

[Event "XLIV Capablanca Memorial Open"]
[Site "Havana CUB"]
[Date "2009.06.15"]
[Round "7"]
[White "Vera Gonzalez Quevedo,R"]
[Black "Pecorelli Garcia,H"]
[Result "1/2-1/2"]
[WhiteElo "2475"]
[BlackElo "2399"]

1.d4 Nf6 2.c4 e6 3.Nf3 Bb4+ 4.Nbd2 b6 5.a3 Bxd2+ 6.Qxd2 Ne4 7.Qc2 Bb7 8.e3 O-O
9.b4 a5 10.Rb1 axb4 11.axb4 f5 12.Bd3  1/2-1/2

[Event "13th Master Open"]
[Site "Voronezh RUS"]
[Date "2009.06.16"]
[Round "5"]
[White "Ogloblin,N"]
[Black "Rodin,D"]
[Result "0-1"]
[WhiteElo "2367"]
[BlackElo "2428"]

1.d4 e6 2.c4 Nf6 3.Nf3 Bb4+ 4.Nbd2 a5 5.e3 b6 6.Bd3 Bb7 7.O-O O-O 8.a3 Be7
9.e4 d6 10.b3 Nc6 11.Bb2 e5 12.d5 Nb8 13.b4 Na6 14.Bc3 c6 15.Nb3 a4 16.Nbd2 Nc7
17.Rc1 b5 18.dxc6 Bxc6 19.cxb5 Nxb5 20.Bb2 Bd7 21.Nc4 Qb8 22.Qe2 Nc7 23.Rfd1 Ne6
24.Qe3 Bd8 25.Bf1 Bc7 26.h3 Rd8 27.Rc2 Bc8 28.Rdc1 Bb7 29.Ncd2 Nd7 30.Bc4 Bb6
31.Qe1 Ndf8 32.Bb5 Nf4 33.Bf1 N8e6 34.Nc4 Bc7 35.g3 Nh5 36.Bg2 Qa7 37.Kh2 Rac8
38.Nfd2 Nf6 39.Qe3 Qa6 40.Bf1 Qa8 41.Bg2 Nd7 42.Qf3 h6 43.h4 Nf6 44.Ne3 Bb6
45.Rxc8 Rxc8 46.Nf5 Rxc1 47.Bxc1 h5 48.Ne3 Bxe3 49.fxe3 Ng4+ 50.Kg1 Qc8 51.Qd1 Nxe3
52.Qe1 Nxg2 53.Kxg2 Qc2 54.Kf2 Nd4 55.Qf1 Nb3 56.Qc4 Qxc1 57.Qxc1 Nxc1  0-1

[Event "Salongernas IM"]
[Site "Stockholm SWE"]
[Date "2009.06.17"]
[Round "1"]
[White "Volodin,Alex"]
[Black "Terrieux,K"]
[Result "1/2-1/2"]
[WhiteElo "2283"]
[BlackElo "2449"]

1.d4 Nf6 2.c4 e6 3.Nf3 Bb4+ 4.Nbd2 b6 5.g3 Bb7 6.Bg2 O-O 7.O-O a5 8.Qc2 Bxd2
9.Bxd2 Be4 10.Qc3 d6 11.Rad1 Nbd7 12.b3 Qb8 13.a4 Qb7 14.Bc1 Rfe8 15.Bh3 Bf5
16.Bg2 Be4 17.Rfe1 d5 18.Bb2 c5 19.cxd5 exd5 20.Bh3 Rac8 21.Nd2 Bg6 22.e3 cxd4
23.Qxd4 Rc2 24.Rc1 Nc5 25.Rxc2 Bxc2 26.Qc3 Bg6 27.Rd1 Bh5 28.Rc1 h6 29.Bg2 Be2
30.Ba1 Qd7 31.Qd4 Qf5 32.Qf4 Qd3 33.Qd4 Qf5 34.Qf4 Qd3  1/2-1/2

[Event "Open"]
[Site "Teplice CZE"]
[Date "2009.06.17"]
[Round "5"]
[White "Kozak,Mi"]
[Black "Majerik,V"]
[Result "1-0"]
[WhiteElo "2139"]
[BlackElo "1970"]

1.d4 Nf6 2.c4 e6 3.Nf3 Bb4+ 4.Nbd2 O-O 5.a3 Bxd2+ 6.Bxd2 d6 7.Bg5 Nbd7 8.e3 h6
9.Bh4 Qe8 10.Be2 b6 11.O-O Bb7 12.Nd2 Ne4 13.Nxe4 Bxe4 14.f3 Bg6 15.e4 e5
16.Re1 f6 17.Bf2 Qe7 18.b4 Rfd8 19.Qc2 c5 20.bxc5 bxc5 21.d5 Rdb8 22.Reb1 Qd8
23.Be1 Kf8 24.g3 Qc7 25.Bc3 Rb7 26.Rf1 Rab8 27.Bd1 Bh5 28.h4 Qd8 29.Qd3 Kg8
30.Ba4 Nb6 31.Bc6 Rc7 32.a4 Rxc6 33.dxc6 Bf7 34.Ba5 Rc8 35.Bxb6 axb6 36.Rfb1 Rxc6
37.Rb5 g5 38.hxg5 fxg5 39.a5 bxa5 40.Raxa5 Qc8 41.Kg2 g4 42.f4 exf4 43.gxf4 Qe6
44.Rb8+ Kg7 45.Ra7 Rc8 46.Rxc8 Qxc8 47.Qxd6 Qe8 48.e5 Kg8 49.Qxh6 Qb8 50.Qg5+ Kf8  1-0

[Event "Oceania Zonal"]
[Site "Gold Coast AUS"]
[Date "2009.06.21"]
[Round "3"]
[White "Juszczynski,M"]
[Black "Norris,D"]
[Result "1-0"]
[WhiteElo "1914"]
[BlackElo "2142"]

1.d4 e6 2.c4 Nf6 3.Nf3 Bb4+ 4.Nbd2 d5 5.a3 Be7 6.Qc2 b6 7.g3 Bb7 8.Bg2 c5
9.cxd5 exd5 10.O-O Nbd7 11.dxc5 bxc5 12.b4 cxb4 13.Rb1 a5 14.axb4 Bxb4 15.Qf5 O-O
16.Bb2 Qe7 17.e3 Qe6 18.Qg5 h6 19.Qf4 Ba6 20.Rfd1 Be2 21.Nd4 Qg4 22.Nxe2 Qxe2
23.Bf3 Qa6 24.Nb3 Qc4 25.Nd4 Rac8 26.Rdc1 Qa2 27.Ba1 Rxc1+ 28.Rxc1 Qa3 29.Rd1 Bd6
30.Nb5 Qxa1 31.Rxa1  1-0

[Event "1st Int"]
[Site "Villa De Aranjuez ESP"]
[Date "2009.06.22"]
[Round "1"]
[White "Barria Zuniga,D"]
[Black "Sanchez Gonzalez,S"]
[Result "1/2-1/2"]
[WhiteElo "2423"]
[BlackElo "2256"]

1.d4 Nf6 2.c4 e6 3.Nf3 Bb4+ 4.Nbd2 O-O 5.a3 Be7 6.e3 b6 7.Bd3 Bb7 8.O-O c5
9.Qe2 d5 10.b3 cxd4 11.exd4 Nc6 12.Bb2  1/2-1/2

[Event "Open"]
[Site "Albena BUL"]
[Date "2009.06.24"]
[Round "5"]
[White "Mitkov,M"]
[Black "Ivanov,Bog"]
[Result "1-0"]
[WhiteElo "2382"]
[BlackElo "2165"]

1.d4 Nf6 2.c4 e6 3.Nf3 Bb4+ 4.Nbd2 b6 5.a3 Bxd2+ 6.Qxd2 Bb7 7.g3 d5 8.cxd5 Bxd5
9.Bg2 O-O 10.O-O Nbd7 11.b4 Qc8 12.Bb2 Qb7 13.Rac1 Rac8 14.Qf4 Ne8 15.Rfe1 Nd6
16.Ne5 Bxg2 17.Nxd7 Rfe8 18.Ne5 Bd5 19.f3 f6 20.Ng4 f5 21.Ne5 Rf8 22.Rc2 Bb3
23.Rc3 Ba4 24.Rec1 Nb5 25.Rc6 Nd6 26.d5 Bxc6 27.Nxc6 Rce8 28.Qe5 Rf6 29.dxe6 Rexe6
30.Qd5 Rh6 31.Ne7+ Kf8 32.Qxb7 Nxb7 33.Nxf5 Rhg6 34.Rxc7 Nd6 35.Bxg7+ Kg8
36.Nxd6 Rxd6 37.Be5 Rd5 38.f4 a5 39.Kf2 h5 40.Kf3 axb4 41.axb4 Rb5 42.Bc3 Rd6
43.Rg7+ Kf8 44.Rh7 Rd1 45.Rh6 Rh1 46.h4 Rf1+ 47.Kg2 Rc1 48.Bd4 Rxb4 49.Bxb6 Rb2
50.Kf3 Rbc2 51.Bd4  1-0

[Event "Petr Izmailov Mem"]
[Site "Tomsk RUS"]
[Date "2009.06.25"]
[Round "2"]
[White "Shkurikhin,I"]
[Black "Kuznetsov,E"]
[Result "1/2-1/2"]
[WhiteElo "2417"]
[BlackElo "2159"]

1.d4 Nf6 2.Nf3 e6 3.c4 Bb4+ 4.Nbd2 Nc6 5.a3 Bxd2+ 6.Qxd2 a5 7.b3 Qe7 8.Bb2 d6
9.d5 Nb8 10.e3 e5 11.Be2 Bf5 12.Nh4 Be4 13.f3 g5 14.fxe4 gxh4 15.Bf3 Nbd7
16.O-O Nf8 17.b4 a4 18.c5 Ng6 19.Rac1 O-O 20.Rc4 Ne8 21.Bg4 Qg5 22.Bh3 Ne7
23.Qd3 h5 24.b5 Kg7 25.b6 cxb6 26.cxb6 Ra6 27.Rb4 Nf6 28.Rc1 Ng4 29.Rc7 Rb8
30.Bc1 Ra5 31.Bd2 Kf8 32.Rb1 Raa8 33.Qb5 Qg6 34.Qd7 Re8 35.Rf1 Kg8 36.Rxb7 Qxe4
37.Bxg4 hxg4 38.Qxd6 h3 39.Rf2 Qb1+ 40.Rf1 Qe4 41.Rf2 Qb1+ 42.Rf1 Qe4  1/2-1/2

[Event "XXXII Open"]
[Site "Barbera ESP"]
[Date "2009.07.04"]
[Round "1"]
[White "Almeida Quintana,O"]
[Black "Lasinskas,P"]
[Result "1-0"]
[WhiteElo "2524"]
[BlackElo "2268"]

1.d4 Nf6 2.Nf3 e6 3.c4 Bb4+ 4.Nbd2 O-O 5.a3 Bxd2+ 6.Bxd2 b6 7.Bg5 Bb7 8.e3 d6
9.Bd3 Nbd7 10.Qc2 h6 11.Bh4 Qe7 12.O-O Rfe8 13.Nd2 e5 14.Bf5 g5 15.Bg3 Nf8
16.d5 Bc8 17.f3 Bxf5 18.Qxf5 Kg7 19.f4 exf4 20.exf4 Qe3+ 21.Rf2 N8h7 22.fxg5 hxg5
23.Rf1 Re7 24.Nf3 Ne4 25.Re1 Qd3 26.Be5+ dxe5 27.Rxe4 f6 28.h4 Rf8 29.Kh2 b5
30.Rd2 Qb3 31.Nd4 Qa2 32.Ne6+ Kh8 33.Nxf8  1-0

[Event "19th Heart of Finland Open"]
[Site "Jyvaskyla FIN"]
[Date "2009.07.09"]
[Round "5"]
[White "Solozhenkin,E"]
[Black "Lehtivaara,P"]
[Result "1-0"]
[WhiteElo "2496"]
[BlackElo "2369"]

1.d4 Nf6 2.c4 e6 3.Nf3 Bb4+ 4.Nbd2 b6 5.a3 Bxd2+ 6.Bxd2 Bb7 7.Bg5 h6 8.Bh4 d6
9.e3 Nbd7 10.Qc2 Qe7 11.Rd1 O-O-O 12.b4 g5 13.Bg3 Ne4 14.c5 dxc5 15.dxc5 bxc5
16.Rc1 Nb8 17.bxc5 Nxg3 18.hxg3 Bxf3 19.gxf3 c6 20.Rb1 Qc7 21.Qc3 h5 22.Rb4 Rdg8
23.Be2 h4 24.g4 h3 25.O-O h2+ 26.Kh1 Kd8 27.Qb2 Nd7 28.Rb7 Qc8 29.Rd1 Ke7
30.Rdxd7+ Qxd7 31.Rxd7+ Kxd7 32.Qb7+ Ke8 33.Qxc6+ Ke7 34.Qd6+ Kf6 35.Qd4+ Ke7
36.c6 Rb8 37.Qxa7+ Kf6 38.Qd4+ Ke7 39.Qd7+ Kf6 40.c7 Rb1+ 41.Bd1  1-0

[Event "1st WCT GM"]
[Site "Moscow RUS"]
[Date "2009.07.10"]
[Round "7"]
[White "Gavrilov,Al1"]
[Black "Zlochevskij,A"]
[Result "1/2-1/2"]
[WhiteElo "2480"]
[BlackElo "2491"]

1.d4 Nf6 2.c4 e6 3.Nf3 Bb4+ 4.Nbd2 b6 5.a3 Bxd2+ 6.Qxd2 Bb7 7.e3 O-O 8.Be2 d6
9.O-O Nbd7 10.b4 Ne4  1/2-1/2

[Event "8th Open"]
[Site "La Fere FRA"]
[Date "2009.07.11"]
[Round "9"]
[White "Manolache,M"]
[Black "Nanu,C"]
[Result "0-1"]
[WhiteElo "2479"]
[BlackElo "2535"]

1.d4 e6 2.c4 Nf6 3.Nf3 Bb4+ 4.Nbd2 d5 5.a3 Be7 6.e3 O-O 7.Qc2 a5 8.b3 c5
9.dxc5 Nbd7 10.Bb2 Nxc5 11.Be2 b6 12.O-O Ba6 13.b4 Ncd7 14.Nd4 Bb7 15.bxa5 Rxa5
16.N2b3 Ra8 17.cxd5 Nxd5 18.Bd3 N7f6 19.Rfd1 Rc8 20.Qe2 Nc3 21.Bxc3 Rxc3
22.Nb5 Rxb3 23.Bc4 Qa8 24.Bxb3 Bxg2 25.Rd4 Bf3 26.Qf1 e5 27.Ra4 Qc8 28.Bd1 Bb7
29.Be2 Qc6 30.e4 Nxe4 31.Bf3 f5 32.Qc4+ Kh8 33.Qxc6 Bxc6 34.Ra7 Bc5 35.a4 Bxf2+
36.Kg2 Bc5 37.Rd1 Bxb5 38.Bxe4 Be2 39.Rd2 Bh5 40.Bf3 Bg6 41.Ra8 Rxa8 42.Bxa8 Kg8
43.Rd5 Bd4 44.Rd7 Kf8 45.Bd5 Be8 46.Ra7 h6 47.h3 e4 48.Rc7 g6 49.Ra7 g5 50.Rc7 e3
51.Bf3 f4 52.Rc4 Bf6 53.Rb4 Bd8 54.Rd4 Be7 55.Rc4 Kg7 56.Rc7 Kf6 57.Ra7 Bb4
58.Rh7 Ba5 59.Rxh6+ Kg7  0-1

[Event "32nd Aegean Open"]
[Site "Aghios Kirykos GRE"]
[Date "2009.07.12"]
[Round "2"]
[White "Kempinski,R"]
[Black "Gazis,Ef"]
[Result "1-0"]
[WhiteElo "2601"]
[BlackElo "2266"]

1.d4 Nf6 2.c4 e6 3.Nf3 Bb4+ 4.Nbd2 b6 5.a3 Bxd2+ 6.Qxd2 Bb7 7.e3 O-O 8.Be2 d6
9.O-O Nbd7 10.b4 Ne4 11.Qc2 f5 12.d5 exd5 13.Nd4 Qf6 14.cxd5 Bxd5 15.Bb2 c5
16.Nb5 Qg6 17.f3 Ng5 18.Rad1 Be6 19.Nc7 Rac8 20.Nxe6 Nxe6 21.Rxd6 cxb4 22.Bc4 Kh8
23.Qe2 Nf4 24.Qd2 Nf6 25.Ba6 Nh3+ 26.Kh1 f4 27.Bxc8 fxe3 28.Qxe3 Re8 29.Qd2  1-0

[Event "Open"]
[Site "Rethymno GRE"]
[Date "2009.07.13"]
[Round "3"]
[White "Svetushkin,D"]
[Black "Venkatesh,M"]
[Result "0-1"]
[WhiteElo "2607"]
[BlackElo "2426"]

1.d4 Nf6 2.c4 e6 3.Nf3 Bb4+ 4.Nbd2 b6 5.a3 Bxd2+ 6.Qxd2 Bb7 7.e3 O-O 8.Be2 Ne4
9.Qd3 d5 10.b3 a5 11.Qc2 Nd7 12.O-O c5 13.Bb2 Rc8 14.Rac1 cxd4 15.Nxd4 dxc4
16.bxc4 Ndc5 17.Rfd1 Qg5 18.Bf1 Rfd8 19.Nb5 h5 20.Rd4 e5 21.Rxd8+ Rxd8 22.Rd1 Rxd1
23.Qxd1 Nxf2 24.Kxf2 Ne4+ 25.Ke2 Qg4+ 26.Ke1 Qh4+ 27.g3 Qxh2 28.Qd8+ Kh7
29.Qd3 Qf2+ 30.Kd1 Qxb2 31.Nd6 f5 32.Nxe4 Bxe4 33.Qd6 Qf2  0-1

[Event "Open"]
[Site "Rethymno GRE"]
[Date "2009.07.15"]
[Round "5"]
[White "Romsdal,T"]
[Black "Venkatesh,M"]
[Result "0-1"]
[WhiteElo "2171"]
[BlackElo "2426"]

1.Nf3 Nf6 2.c4 e6 3.d4 Bb4+ 4.Nbd2 b6 5.a3 Bxd2+ 6.Bxd2 Bb7 7.e3 O-O 8.Be2 d6
9.O-O Ne4 10.Bc1 Nd7 11.Ne1 f5 12.f3 Ng5 13.b4 Qe7 14.Bb2 Rf6 15.Qc2 Rh6
16.Bd3 Rf8 17.Bc1 Qf6 18.Ra2 Qg6 19.g3 Qh5 20.Qg2 Nh3+ 21.Kh1 e5 22.d5 f4
23.exf4 exf4 24.g4 Qh4 25.Re2 b5 26.Rc2 Ne5 27.Bb2 Nxc4 28.Bxc4 bxc4 29.Rxc4 Ba6
30.Rc6 Rg6 31.Nc2 Bxf1 32.Qxf1 h5 33.Nd4 hxg4 34.Ne6 Nf2+ 35.Kg2 g3  0-1

[Event "Corporation Centre Cup"]
[Site "Izhevsk RUS"]
[Date "2009.07.16"]
[Round "2"]
[White "Sazonov,Ar"]
[Black "Makarenko,A"]
[Result "0-1"]
[WhiteElo "2163"]
[BlackElo "1970"]

1.d4 Nf6 2.Nf3 e6 3.c4 Bb4+ 4.Nbd2 O-O 5.g3 d5 6.Bg2 dxc4 7.O-O c3 8.Nc4 Nc6
9.Qb3 cxb2 10.Bxb2 a5 11.a3 a4 12.Qc2 Be7 13.Rfd1 Bd7 14.Rac1 Ra6 15.e4 b5
16.Ne3 Ne8 17.d5 Na5 18.dxe6 fxe6 19.Ne5 Rd6 20.Nd3 Nb3 21.e5 Rb6 22.Rb1 c5
23.Nf4 Qc7 24.Be4 g6 25.Bxg6 hxg6 26.Qxg6+ Ng7 27.Nh5 Rf7 28.Nf6+ Bxf6 29.exf6 Nd4
30.Rxd4 cxd4 31.Ng4 Be8 32.Nh6+ Kf8 33.Bxd4 Rb7 34.fxg7+ Rxg7 35.Qf6+ Rf7
36.Qxe6 Qe7 37.Qg6 Rg7 38.Qf5+ Rf7 39.Nxf7 Qxf7 40.Qg5 Qg6 41.Qxg6 Bxg6 42.f3 Bxb1  0-1

[Event "Hanowa Generations"]
[Site "Biel SUI"]
[Date "2009.07.22"]
[Round "3"]
[White "Rosenthal,Jon"]
[Black "Kelecevic,N"]
[Result "1/2-1/2"]
[WhiteElo "2262"]
[BlackElo "2320"]

1.d4 Nf6 2.c4 e6 3.Nf3 Bb4+ 4.Nbd2 b6 5.a3 Bxd2+ 6.Qxd2 Bb7 7.e3 O-O 8.Bd3 Be4
9.Be2 d6 10.O-O Nbd7 11.b4 Qe7 12.Bb2 Bb7 13.Qc2 Ne4 14.Rac1 f5 15.Rfd1 Ndf6
16.c5 Bd5 17.Rf1 Ne8 18.Ne1 Qg5 19.Qd3 dxc5 20.dxc5 bxc5 21.bxc5 Rb8 22.f4 Qe7
23.Bd4 Rb3 24.Qa6 Nd2 25.Rf2 Ne4 26.Rf1 Nd2 27.Rf2 Ne4 28.Rf1  1/2-1/2

[Event "Hanowa Generations"]
[Site "Biel SUI"]
[Date "2009.07.22"]
[Round "3"]
[White "Schiendorfer,E"]
[Black "Sinkovics,P"]
[Result "1/2-1/2"]
[WhiteElo "2321"]
[BlackElo "2331"]

1.d4 Nf6 2.c4 e6 3.Nf3 Bb4+ 4.Nbd2 b6 5.a3 Bxd2+ 6.Qxd2 Bb7 7.e3 d6 8.Be2 a5
9.O-O O-O 10.b3 Nbd7 11.Bb2 Qe7 12.b4 axb4 13.axb4 Rxa1 14.Rxa1 Ra8 15.Rxa8+ Bxa8
16.Qc2 Be4 17.Qa4 Qd8 18.Ne1 Qa8 19.Qb3 Bb7 20.f3 h6 21.Nc2 c5 22.Na3 Bc6
23.Bd1 Qa7 24.Bc2 Qc7 25.Nb1 e5 26.Nd2 Bb7 27.Qc3 exd4 28.exd4 d5 29.dxc5 bxc5
30.cxd5 Bxd5 31.Be4 Qb6 32.bxc5 Nxc5 33.Qd4 Qc6 34.Bxd5 Qxd5 35.Qxd5 Nxd5  1/2-1/2

[Event "13th Battle of Senta Open A"]
[Site "Senta SRB"]
[Date "2009.07.22"]
[Round "6"]
[White "Petrekanovic,M"]
[Black "Brankov,Kri"]
[Result "1-0"]
[WhiteElo "2152"]
[BlackElo "1902"]

1.d4 Nf6 2.c4 e6 3.Nf3 Bb4+ 4.Nbd2 b6 5.g3 Bb7 6.Bg2 Bxd2+ 7.Bxd2 O-O 8.Bg5 h6
9.Bxf6 Qxf6 10.Qc2 d6 11.O-O Nd7 12.e4 e5 13.d5 a5 14.b3 Qe7 15.Nh4 Nc5 16.Bh3 Bc8
17.Bxc8 Rfxc8 18.Nf5 Qf8 19.a3 g6 20.Ne3 a4 21.b4 Nb3 22.Rad1 Nd4 23.Qd3 Qg7
24.f4 f6 25.Rc1 Rf8 26.f5 g5 27.Qd1 Kh7 28.Kg2 Rg8 29.h3 Qf7 30.Rc3 h5 31.Nc2 Nb3
32.Qd3 h4 33.g4 Ra7 34.Na1 Nd4 35.Rfc1 Rb8 36.Rb1 Qd7 37.Nc2 Nb3 38.Ne1 Nd4
39.Nf3 Nxf3 40.Kxf3 Rab7 41.Rbc1 Kh6 42.Kg2 Qe8 43.Kh1 Qd7 44.Qf1 Qe8 45.c5 bxc5
46.bxc5 Qb5 47.Qxb5 Rxb5 48.cxd6 cxd6 49.Rc7 Rb3 50.Rf7 Rxh3+ 51.Kg2 Rg3+
52.Kh1 Rxg4 53.Rcc7 Rh8 54.Rxf6+ Kh5 55.Rc4 Rf4 56.Rxd6 Kg4 57.Rc2 Rxe4 58.f6 Rf4
59.Rdc6 h3 60.Kh2 e4 61.R6c4 e3 62.d6 Kf3 63.Rc5 g4 64.d7 g3+ 65.Kh1 e2 66.Re5 g2+
67.Kh2 Rg8 68.Rc1 Kf2 69.Re8 g1=Q+ 70.Rxg1 Rg2+ 71.Rxg2+ hxg2 72.Rxe2+ Kxe2
73.d8=Q Rf2 74.Kg1 Rf3 75.Kxg2 Rxa3 76.Qe7+ Re3 77.Qxe3+ Kxe3 78.f7  1-0

[Event "Corporation Centre Cup"]
[Site "Izhevsk RUS"]
[Date "2009.07.23"]
[Round "9"]
[White "Alavkin,A"]
[Black "Ozolin,M"]
[Result "0-1"]
[WhiteElo "2439"]
[BlackElo "2370"]

1.d4 Nf6 2.Nf3 e6 3.c4 Bb4+ 4.Nbd2 b6 5.g3 Bb7 6.Bg2 O-O 7.O-O d5 8.cxd5 exd5
9.Ne5 Qc8 10.Ndf3 Ne4 11.Bf4 Bd6 12.Rc1 Qe6 13.Nd3 Nd7 14.Bxd6 Qxd6 15.Nfe5 Nxe5
16.Nxe5 c5 17.Qa4 Rfe8 18.e3 f6 19.Nd3 c4 20.Nf4 a6 21.Qc2 b5 22.f3 Ng5 23.Qf2 Re7
24.Rfe1 Rae8 25.Re2 Ne6 26.Nxe6 Rxe6 27.Rce1 f5 28.h3 h5 29.f4 Rh6 30.Bf3 Bc8
31.Qg2 Be6 32.Kf2 Kf7 33.Rh1 Rg8 34.Rc2 g5 35.fxg5 Rxg5 36.h4 Rg7 37.Rg1 Ke7
38.Ke2 Rhg6 39.Kf2 Bf7 40.Qh2 Rg4 41.Re2 Kd8 42.Bxg4 fxg4 43.e4 dxe4 44.Rxe4 Bg6
45.Rf4 Rf7 46.Rd1 Bd3 47.Rxd3 Rxf4+ 48.gxf4 cxd3 49.Ke3 Qc6 50.Kxd3 Qf3+
51.Kd2 g3 52.Qe2 Qxf4+ 53.Kd3 Qxh4 54.Qe5 Qg4 55.Qd6+ Ke8 56.Qc6+ Kf7 57.Qc7+ Kg8
58.Qd8+ Kh7 59.Qe7+ Qg7 60.Qh4 Qg6+ 61.Ke2 Qg4+  0-1

[Event "Corporation Centre Cup"]
[Site "Izhevsk RUS"]
[Date "2009.07.23"]
[Round "9"]
[White "Gusarov,G"]
[Black "Arzamastsev,A"]
[Result "1-0"]
[WhiteElo "2349"]
[BlackElo "2132"]

1.d4 Nf6 2.c4 e6 3.Nf3 Bb4+ 4.Nbd2 O-O 5.Qc2 d5 6.a3 Be7 7.g3 b6 8.Bg2 Bb7
9.O-O Nbd7 10.cxd5 exd5 11.b4 c5 12.bxc5 bxc5 13.dxc5 Bxc5 14.Nb3 Bb6 15.Bb2 Ne4
16.Bd4 Rc8 17.Qb2 Bxd4 18.Nbxd4 Qb6 19.Qxb6 Nxb6 20.e3 Ba6 21.Rfb1 Nc3 22.Rb4 g6
23.Ne5 Ne2+ 24.Nxe2 Bxe2 25.a4 Rc7 26.Rd4 Re8 27.Nd3 Rec8 28.a5 Nd7 29.Bxd5 Nf6
30.Bg2 Rc3 31.Bf1 Bxf1 32.Kxf1 R8c7 33.Kg2 Kg7 34.h3 Rb3 35.Ra2 Rd7 36.Nc5 Rxd4
37.Nxb3 Rd5 38.a6 Nd7 39.Nd4 Nb8 40.Rb2 Nxa6 41.Rb7 Rd6 42.Rxa7 h5 43.g4 hxg4
44.hxg4 Nc5 45.Nf3 Ne4 46.Ne5 Rf6 47.f3 Nd6 48.g5 Re6 49.f4 Kf8 50.Kf3 Re7
51.Ra6 Nf5 52.e4 Nd4+ 53.Kg4 Kg7 54.Ra4 Ne6 55.Ra5 Kf8 56.f5 gxf5+ 57.exf5 Nd4
58.Rd5 Ne2 59.Nd7+ Kg8 60.Nf6+ Kg7 61.Rd8  1-0

[Event "Czech Open A"]
[Site "Pardubice CZE"]
[Date "2009.07.24"]
[Round "1"]
[White "Gasanov,E"]
[Black "Freisler,P"]
[Result "1-0"]
[WhiteElo "2536"]
[BlackElo "2289"]

1.d4 Nf6 2.c4 e6 3.Nf3 Bb4+ 4.Nbd2 b6 5.a3 Bxd2+ 6.Qxd2 Bb7 7.e3 d6 8.Be2 Nbd7
9.b4 Ne4 10.Qc2 f5 11.Bb2 O-O 12.O-O Rf6 13.d5 Rh6 14.dxe6 Nf8 15.c5 bxc5
16.bxc5 Nxc5 17.Qxf5 Nfxe6 18.Bc4 Qe7 19.Ng5 Rf8 20.Qg4 Rg6 21.f4 d5 22.Ba2 Nxg5
23.fxg5 Qxe3+ 24.Kh1 Rxf1+ 25.Rxf1 Rxg5 26.Bxd5+  1-0

[Event "4th Summer Cup"]
[Site "Porto Carras GRE"]
[Date "2009.07.25"]
[Round "9"]
[White "Pavlidis,Ana"]
[Black "Nikolaidis,K"]
[Result "1-0"]
[WhiteElo "2348"]
[BlackElo "2270"]

1.d4 Nf6 2.c4 e6 3.Nf3 Bb4+ 4.Nbd2 b6 5.a3 Bxd2+ 6.Qxd2 Bb7 7.e3 d6 8.Be2 Nbd7
9.O-O O-O 10.b4 Ne4 11.Qc2 f5 12.Bb2 Ng5 13.Nd2 Rf6 14.d5 Rh6 15.f4 Nf7 16.Bf3 Rb8
17.dxe6 Rxe6 18.Bxb7 Rxb7 19.Qxf5 Rxe3 20.Qd5 Rb8 21.Qd4 Qf6 22.Qxe3 Qxb2
23.Ne4 Qc2 24.Rfc1 Qa4 25.Nc3 Qb3 26.Qd3 b5 27.cxb5 Nf6 28.Rab1 Qe6 29.Re1 Qg4
30.Nd5 Nh5 31.Qe2  1-0

[Event "ZMD Open"]
[Site "Dresden GER"]
[Date "2009.07.26"]
[Round "2"]
[White "Graf,A"]
[Black "Grosse,Mar"]
[Result "1-0"]
[WhiteElo "2583"]
[BlackElo "1925"]

1.d4 Nf6 2.c4 e6 3.Nf3 Bb4+ 4.Nbd2 O-O 5.a3 Bxd2+ 6.Bxd2 Ne4 7.Bf4 b6 8.g3 Bb7
9.Bg2 f5 10.O-O Nc6 11.d5 exd5 12.cxd5 Ne7 13.d6 cxd6 14.Bxd6 Nxd6 15.Qxd6 Rf6
16.Qd2 Be4 17.Rfd1 d5 18.Rac1 Rc8 19.Nd4 Bxg2 20.Kxg2 Rd6 21.Qf4 g6 22.Rxc8 Nxc8
23.Rc1 Ne7 24.Rc3 a6 25.h4 Qd7 26.Qc1 b5 27.Rc7 Qd8 28.Ra7 Nc8 29.Ra8  1-0

[Event "zt 3.3"]
[Site "Ho Chi Minh City VIE"]
[Date "2009.07.26"]
[Round "6"]
[White "Nguyen Duc Hoa"]
[Black "Nguyen Van Huy"]
[Result "1/2-1/2"]
[WhiteElo "2331"]
[BlackElo "2414"]

1.d4 Nf6 2.Nf3 e6 3.c4 Bb4+ 4.Nbd2 b6 5.a3 Bxd2+ 6.Bxd2 Bb7 7.g3 O-O 8.Bg2 d6
9.O-O a5 10.Rc1 Nbd7 11.Qa4 Be4 12.Rfd1 Qb8 13.Bh3 Qb7 14.Ng5 Bc6 15.Qc2 h6
16.d5 exd5 17.cxd5 Bb5 18.a4 hxg5 19.axb5 g4 20.Bg2 Nc5 21.Bc3 Nh7 22.Rd4 Qc8
23.Be4 f5 24.Bg2 Qd7 25.Rf4 Ng5 26.f3 gxf3 27.exf3 Rae8 28.h4 Nh7 29.Bh3 Qxb5
30.Bxf5 Nf6 31.Bg6 Re2 32.Qf5 Qd7 33.Re1 Qxf5 34.Rxf5 Rxe1+ 35.Bxe1 Nfd7
36.Bc3 Rxf5 37.Bxf5 Ne5 38.f4 Nc4 39.Kf2 b5 40.b4 axb4 41.Bxb4 Kf7 42.h5 Nb6
43.Bxc5 dxc5 44.Be4 b4 45.Ke3 Na4 46.Bc2 Nb6 47.Be4 Na4 48.Kd3 Nc3 49.Bf3 Nb5
50.Kc4 Nd6+ 51.Kxc5 b3 52.Bd1 Ne4+ 53.Kc6 b2 54.Bc2 Nxg3 55.Kxc7 Nxh5 56.f5 Nf6
57.d6 Ke8 58.Bb1 Kf8 59.Bc2 Ke8 60.Ba4+ Kf8 61.Bc2  1/2-1/2

[Event "zt 3.3"]
[Site "Ho Chi Minh City VIE"]
[Date "2009.07.27"]
[Round "7"]
[White "Laylo,D"]
[Black "Megaranto,S"]
[Result "1-0"]
[WhiteElo "2494"]
[BlackElo "2534"]

1.d4 Nf6 2.c4 e6 3.Nf3 Bb4+ 4.Nbd2 b6 5.a3 Bxd2+ 6.Qxd2 Bb7 7.g3 O-O 8.Bg2 d6
9.O-O a5 10.b3 Nbd7 11.Bb2 Qe7 12.Qc3 Rfe8 13.Rad1 Be4 14.Rfe1 c6 15.Nd2 Bxg2
16.Kxg2 Rec8 17.e4 d5 18.Qf3 Qd8 19.a4 Rab8 20.Ba3 dxe4 21.Nxe4 Nxe4 22.Rxe4 Nf6
23.Rf4 b5 24.d5 cxd5 25.axb5 e5 26.Rf5 Qe8 27.Bd6 e4 28.Qf4 Rb6 29.Bc7 Rb7
30.b6 a4 31.Rxf6 gxf6 32.cxd5 e3 33.bxa4 e2 34.Re1 Qd7 35.d6 Qc6+ 36.Kg1 Qd5
37.Qg4+  1-0

[Event "Czech Open A"]
[Site "Pardubice CZE"]
[Date "2009.07.27"]
[Round "4"]
[White "Cifka,S"]
[Black "Berzina,I"]
[Result "1-0"]
[WhiteElo "2420"]
[BlackElo "2276"]

1.d4 Nf6 2.Nf3 e6 3.c4 Bb4+ 4.Nbd2 b6 5.a3 Bxd2+ 6.Qxd2 Bb7 7.e3 O-O 8.Be2 d6
9.O-O Nbd7 10.b4 Ne4 11.Qc2 f5 12.Bb2 Rf6 13.d5 Rg6 14.Rad1 Kh8 15.Nd4 exd5
16.cxd5 Bxd5 17.Nxf5 Qg5 18.Ng3 c6 19.Rd4 Re8 20.Bc4 Ndf6 21.Bxd5 cxd5 22.Qc6 Rf8
23.Rd3 Ng4 24.Rxd5 Qe7 25.Rf5 Rxf5 26.Nxf5  1-0

[Event "Centroamericano & Caribbean U20"]
[Site "Medellin COL"]
[Date "2009.07.30"]
[Round "1"]
[White "Lopez Idarraga,D"]
[Black "Rios,Cr"]
[Result "0-1"]
[WhiteElo "1992"]
[BlackElo "2225"]

1.d4 Nf6 2.c4 e6 3.Nf3 Bb4+ 4.Nbd2 O-O 5.e3 d6 6.Bd3 Qe7 7.O-O e5 8.a3 Bxd2
9.Nxd2 e4 10.Be2 c6 11.b4 d5 12.b5 dxc4 13.bxc6 Nxc6 14.Nxc4 b5 15.Nd2 a6
16.Bb2 Bd7 17.Nb3 Nd5 18.Nc5 f5 19.a4 f4 20.exf4 Nxf4 21.Nxd7 Qxd7 22.axb5 Ne7
23.Ba3 axb5 24.Bxe7 Rxa1 25.Qxa1 Qxe7 26.Bxb5 Nh3+ 27.gxh3 Qg5+ 28.Kh1 Qxb5
29.Qa2+ Kh8 30.Re1 e3 31.fxe3 Rf1+ 32.Kg2 Qb7+  0-1